[Event "Eger Agria op"]
[Site "Eger"]
[Date "2004.07.24"]
[Round "8"]
[White "Babarczy, Peter"]
[Black "Linattiniemi, Kari"]
[Result "1/2-1/2"]
[WhiteElo "2053"]
[BlackElo "1956"]
[PlyCount "40"]
[EventDate "2004.07.17"]
[EventType "swiss"]
[EventRounds "9"]
[EventCountry "HUN"]
[SourceTitle "EXT 2008"]
[Source "ChessBase"]
[SourceDate "2007.11.25"]
[SourceVersion "1"]
[SourceVersionDate "2007.11.25"]
[SourceQuality "1"]

1. e4 c5 2. Nf3 Nc6 3. d4 cxd4 4. Nxd4 e5 5. Nb3 Nf6 6. Bd3 h6 7. 0-0 d6 8. h3 Be6 9. Be3 Be7 10. Qe2 Rc8 11. c4 a6 12. Nc3 Nb4 13. Nd2 Nxd3 14. Qxd3 0-0 15. b3 Nd7 16. Rfd1 Nc5 17. Qe2 Kh8 18. Nf3 Qe8 19. Nd5 Bxd5 20. Rxd5 Nxe4 1/2-1/2

[Event "Eger Agria op"]
[Site "Eger"]
[Date "2004.07.23"]
[Round "7"]
[White "Balogh, Laszlo"]
[Black "Linattiniemi, Kari"]
[Result "1/2-1/2"]
[WhiteElo "2131"]
[BlackElo "1956"]
[PlyCount "88"]
[EventDate "2004.07.17"]
[EventType "swiss"]
[EventRounds "9"]
[EventCountry "HUN"]
[SourceTitle "EXT 2008"]
[Source "ChessBase"]
[SourceDate "2007.11.25"]
[SourceVersion "1"]
[SourceVersionDate "2007.11.25"]
[SourceQuality "1"]

1. d4 d5 2. c4 c6 3. Nf3 e6 4. g3 f5 5. Bg2 Nf6 6. 0-0 Bd6 7. Bg5 0-0 8. Qc2 Nbd7 9. cxd5 cxd5 10. Nc3 a6 11. Rac1 b5 12. Ne1 Bb7 13. Nd3 Rc8 14. a3 Qb6 15. Bxf6 Nxf6 16. e3 Ne4 17. Bxe4 fxe4 18. Ne1 Qd8 19. f4 Qf6 20. Ng2 Qh6 21. Qe2 Kh8 22. Na2 Qg6 23. Nh4 Qf6 24. Qh5 Kg8 25. Qg4 Kh8 26. Ng2 Qf5 27. Qe2 Qf7 28. Qd2 Qd7 29. Qe2 Qf7 30. g4 Kg8 31. Qf2 Rxc1 32. Nxc1 Rc8 33. Na2 Rc4 34. Nc3 Rc7 35. Qh4 Be7 36. g5 g6 37. Qg3 Bd6 38. h4 Bc8 39. Ne1 Bd7 40. Kg2 Be8 41. Rh1 Qd7 42. Qf2 Bxa3 43. Nxe4 dxe4 44. bxa3 Rc3 1/2-1/2

[Event "Eger Agria op"]
[Site "Eger"]
[Date "2004.07.17"]
[Round "1"]
[White "Harmatosi, Jozsef"]
[Black "Linattiniemi, Kari"]
[Result "1-0"]
[WhiteElo "2308"]
[BlackElo "1956"]
[PlyCount "55"]
[EventDate "2004.07.17"]
[EventType "swiss"]
[EventRounds "9"]
[EventCountry "HUN"]
[SourceTitle "EXT 2008"]
[Source "ChessBase"]
[SourceDate "2007.11.25"]
[SourceVersion "1"]
[SourceVersionDate "2007.11.25"]
[SourceQuality "1"]

1. d4 d5 2. Nf3 c6 3. Bf4 e6 4. e3 f5 5. c4 Nf6 6. Nc3 Bd6 7. Bxd6 Qxd6 8. c5 Qc7 9. Ne5 Nbd7 10. f4 0-0 11. Be2 Nxe5 12. fxe5 Ne4 13. 0-0 Nxc3 14. bxc3 b5 15. a4 Bd7 16. axb5 cxb5 17. Ra6 Bc8 18. Rd6 a6 19. Qa1 Rb8 20. Qa3 Qe7 21. c6 Qg5 22. Rf4 Qh6 23. Qc5 g5 24. Rf2 Qg7 25. c7 Rb7 26. Rd8 g4 27. Qd6 h5 28. Rxc8 1-0